Let do nebezpečí /

Hlavní autor: Castle, John
Další autoři: Müller, Vladimír, 1904-1977, Hailey, Arthur, 1920-2004
Jazyk: Čeština
Vydáno: Praha : Svoboda, 1992
Vydání: Vyd. 2., V nakl. Svoboda 1.
Edice: Omnia (Svoboda)
Externí odkaz: Digitalizovaný dokument
Fyzický popis: 122 s.
Knihy
Uloženo v:
LEADER 01198nam a2200313 a 4500
001 000479049
003 CZ BrMZK
005 20130814133521.0
007 ta
008 000105s1992 xr 000 0 cze d
015 |a cnb000065854 
040 |a BOA001  |b cze 
041 1 |a cze  |h eng 
080 |a 820(73)-31=850  |2 MRF 
100 1 |a Castle, John  |7 mzk2004228336  |4 aut 
245 1 0 |a Let do nebezpečí /  |c J. Castle, A. Hailey ; [z anglického originálu ... přeložil Vladimír Müller] 
250 |a Vyd. 2., V nakl. Svoboda 1. 
260 |a Praha :  |b Svoboda,  |c 1992 
300 |a 122 s. 
490 1 |a Omnia 
700 1 |a Müller, Vladimír,  |d 1904-1977  |7 jk01082454  |4 trl 
700 1 |a Hailey, Arthur,  |d 1920-2004  |7 jn19990003074  |4 aut 
765 0 |t Flight into danger  |9 Česky 
830 0 |a Omnia (Svoboda)  |0 s 
856 4 1 |u http://www.digitalniknihovna.cz/mzk/uuid/uuid:d8b51600-056c-11e3-9923-005056827e52  |y Digitalizovaný dokument  |x NDK 
910 |a BOA001  |b 2-0975.718 
990 |a BK 
996 6 |b 2610550021  |c 2-0975.718  |l MZK  |r Sklad / do 1 hodiny  |n 0  |p dar  |w 000479049  |u 000020  |a 1  |e BOA001  |j MZK50  |s P 
996 7 |b 2610722949  |c 2-0975.718  |l MZK  |r Sklad / do 1 hodiny  |n 4  |p dar  |w 000479049  |u 000030  |a 1  |e BOA001  |j MZK50  |s A